[Event "Lichtenrader Herbst 2019"]
[Site "Berlin"]
[Date "2019.10.15"]
[Round "4.23"]
[White "Matthes, Aaron"]
[Black "Froehlich, Sergej"]
[Result "1-0"]
[WhiteElo "1995"]
[BlackElo "1763"]
[PlyCount "85"]
[EventDate "2019.??.??"]

1. c4 c6 2. g3 d5 3. Nf3 Nf6 4. Bg2 g6 5. b3 Bg7 6. Bb2 O-O 7. O-O b6 8. d4 Bb7
9. Nc3 Nbd7 10. Rc1 e6 11. cxd5 exd5 12. Ne1 Re8 13. Nd3 Ne4 14. e3 Ndf6 15.
Rc2 Nxc3 16. Bxc3 Ne4 17. Bb2 Qd7 18. Nf4 Ng5 19. Qd3 Ne6 20. Ne2 a5 21. Rfc1
Ba6 22. Qd1 Rac8 23. Nc3 Ng5 24. Na4 Nh3+ 25. Kh1 Qf5 26. Qf3 Qe6 27. Nxb6 Bd3
28. Nxc8 Be4 29. Qe2 Bxg2+ 30. Kxg2 Ng5 31. h4 Qh3+ 32. Kg1 Ne4 33. Qf1 Qg4 34.
Qg2 Qxc8 35. Rxc6 Qf5 36. Ba3 Nd2 37. f4 Ne4 38. g4 Qd7 39. Rc7 Qb5 40. Qf1 Qb8
41. Qa6 Bxd4 42. exd4 Kg7 43. Qb7 1-0

[Event "Lichtenrader Herbst 2019"]
[Site "Berlin"]
[Date "2019.10.15"]
[Round "4.24"]
[White "Schmalzried, Volker"]
[Black "Spors, Carl Philip"]
[Result "0-1"]
[WhiteElo "1808"]
[BlackElo "1971"]
[PlyCount "82"]
[EventDate "2019.??.??"]

1. c4 Nf6 2. Nc3 g6 3. Nf3 Bg7 4. d4 O-O 5. g3 d6 6. Bg2 Nc6 7. O-O a6 8. e4
Bg4 9. h3 Bxf3 10. Bxf3 e5 11. d5 Nd4 12. Bg2 Nd7 13. Be3 c5 14. dxc6 bxc6 15.
b3 Nc5 16. Rc1 Nce6 17. Ne2 Nxe2+ 18. Qxe2 c5 19. Qd2 a5 20. Rcd1 Ra6 21. h4
Qe7 22. Bh3 Nd4 23. Bxd4 exd4 24. Rde1 Rb8 25. Qd3 a4 26. Rb1 Qa7 27. h5 axb3
28. axb3 Ra2 29. hxg6 hxg6 30. f4 Qa5 31. Rf2 Rxf2 32. Kxf2 Rb7 33. f5 gxf5 34.
exf5 Qc3 35. Bf1 Ra7 36. Be2 Ra2 37. Kf3 Rd2 38. Qxc3 dxc3 39. Rc1 c2 40. Rh1
Bb2 41. Ke3 c1=Q 0-1

[Event "Lichtenrader Herbst 2019"]
[Site "Berlin"]
[Date "2019.10.15"]
[Round "4.25"]
[White "Schnabel, Luise"]
[Black "Riering, Berthold"]
[Result "1/2-1/2"]
[WhiteElo "1900"]
[BlackElo "1983"]
[PlyCount "48"]
[EventDate "2019.??.??"]

1. e4 c6 2. d4 d5 3. Nd2 dxe4 4. Nxe4 Bf5 5. Ng3 Bg6 6. Nh3 Nf6 7. Nf4 e5 8.
Nxg6 hxg6 9. dxe5 Qa5+ 10. c3 Qxe5+ 11. Qe2 Nbd7 12. Bf4 Qxe2+ 13. Bxe2 Nd5 14.
Bd2 O-O-O 15. O-O-O N7f6 16. Bg5 Bc5 17. Bxf6 Nxf6 18. f3 Be3+ 19. Kc2 Rxd1 20.
Bxd1 Bf4 21. Ne2 Rxh2 22. Rxh2 Bxh2 23. Kd3 Be5 24. Bb3 g5 1/2-1/2

[Event "Lichtenrader Herbst 2019"]
[Site "Berlin"]
[Date "2019.10.15"]
[Round "4.26"]
[White "Rosmait, Emily"]
[Black "Baumeister, Wolfgang"]
[Result "1-0"]
[WhiteElo "1908"]
[BlackElo "1756"]
[PlyCount "115"]
[EventDate "2019.??.??"]

1. e4 e5 2. Nf3 Nc6 3. Bb5 a6 4. Ba4 Nf6 5. d4 exd4 6. O-O Nxe4 7. Re1 d5 8.
Nxd4 Bd6 9. Bxc6+ bxc6 10. Nc3 Bxh2+ 11. Kf1 O-O 12. Nxe4 dxe4 13. Rxe4 c5 14.
Qh5 Qd6 15. Rh4 Qg6 16. Qxc5 Bd6 17. Qg5 Rb8 18. Qxg6 fxg6 19. Re4 Bb7 20. Re1
Bd5 21. b3 Bb4 22. Rd1 Bc3 23. Rb1 Rbe8 24. f3 Re5 25. Ne2 Bb4 26. Bb2 Rg5 27.
Kf2 Bc5+ {(=)} 28. Bd4 Rxg2+ 29. Kxg2 Bxf3+ 30. Kf2 Bh5+ 31. Ke1 Re8 32. Bxc5
Rxe2+ 33. Kf1 Rxc2 34. Rd5 Kf7 35. Re1 Bg4 36. Re7+ Kf6 37. Rxc7 Ke6 38. Rd6+
Kf5 39. b4 Rxa2 40. Rf7+ Ke4 41. Rxg7 Rh2 42. Re7+ Kf4 43. Rxa6 Bh3+ 44. Kg1
Rg2+ 45. Kh1 Rc2 46. Rxh7 Bf5 47. Rf7 Kg3 48. Ra3+ Kg4 49. Re3 Kf4 50. Rfe7 g5
51. Re2 Rc4 52. Kh2 Bd3 53. Rf2+ Kg4 54. Rd7 Rc3 55. Rg2+ Kh5 56. Rd5 Be4 57.
Rdxg5+ Kh6 58. Bf8+ 1-0

[Event "Lichtenrader Herbst 2019"]
[Site "Berlin"]
[Date "2019.10.15"]
[Round "4.27"]
[White "Hohn, August"]
[Black "Harutyunyan, Axel"]
[Result "0-1"]
[WhiteElo "1832"]
[BlackElo "1909"]
[PlyCount "74"]
[EventDate "2019.??.??"]

1. c4 e5 2. Nc3 Bb4 3. Nd5 Bc5 4. d3 c6 5. Be3 Bxe3 6. Nxe3 {(=)} d5 7. Nf3 Nf6
8. cxd5 Nxd5 9. Nxd5 Qxd5 10. e4 Qd6 11. Be2 O-O 12. O-O c5 13. Qc2 Nc6 14. a3
b6 15. Rac1 a5 16. Rfd1 Be6 17. Bf1 a4 18. Qc3 Rfd8 19. Nd2 Na5 20. Re1 Nb3 21.
Nxb3 Bxb3 22. Re3 Ra7 23. Rg3 f6 24. Qe1 Qd4 25. Qe2 Rad7 26. Rc3 Rb8 27. Qf3
Kh8 28. Qf5 Rc7 29. Rxb3 axb3 30. Rh3 h6 31. Qg6 Qd7 32. Be2 Qf7 33. Qf5 {(=)}
b5 34. Bh5 Qd7 35. Qg6 c4 36. dxc4 bxc4 37. Bg4 Qd2 0-1

[Event "Lichtenrader Herbst 2019"]
[Site "Berlin"]
[Date "2019.10.15"]
[Round "4.28"]
[White "Boldt, Timo"]
[Black "Bandow, Alexander"]
[Result "0-1"]
[WhiteElo "1653"]
[BlackElo "2067"]
[PlyCount "60"]
[EventDate "2019.??.??"]

1. d4 Nf6 2. c4 g6 3. Nc3 Bg7 4. Nf3 O-O 5. g3 e6 6. Bg2 d5 7. cxd5 exd5 8. O-O
Ne4 9. e3 f5 10. Nd2 c6 11. Qc2 Bh6 12. b4 Qe7 13. Rb1 a6 14. Qb3 Kh8 15. a4
Nd7 16. Ndxe4 fxe4 17. b5 Rf6 18. Ba3 {(=)} Qf7 19. bxc6 bxc6 20. Qa2 a5 21.
Qc2 Ba6 22. Nxe4 dxe4 23. Bxe4 Bxf1 24. Bxc6 Rc8 25. d5 Bh3 26. Bb2 Bg7 27.
Bxf6 Qxf6 28. f4 Bf5 29. e4 Qd4+ 30. Qf2 Qxe4 0-1

[Event "Lichtenrader Herbst 2019"]
[Site "Berlin"]
[Date "2019.10.15"]
[Round "4.29"]
[White "Rettore, Ludwig"]
[Black "Stockter, Jasper Enno"]
[Result "1-0"]
[WhiteElo "2068"]
[BlackElo "1715"]
[PlyCount "83"]
[EventDate "2019.??.??"]

1. e4 e6 2. d3 d5 3. Nd2 c5 4. g3 Nc6 5. Bg2 f6 6. exd5 exd5 7. Qh5+ g6 8. Qxd5
Qe7+ 9. Qe4 Nd4 10. Qxe7+ Nxe7 11. Kd1 Bg7 12. Ngf3 O-O 13. Nxd4 cxd4 14. h3
Nc6 15. Nc4 Rd8 16. Re1 Bd7 17. a4 Rac8 18. b3 a6 19. Ba3 b5 20. Nd6 Rb8 21.
Bd5+ Kh8 22. Nf7+ Kg8 23. Nxd8+ Kh8 24. Nf7+ Kg8 25. Ne5+ Kh8 26. Nxd7 b4 27.
Nxb8 Nxb8 28. Re8+ Bf8 29. Rxf8+ Kg7 30. Rxb8 bxa3 31. Rxa3 a5 32. Rb7+ Kh6 33.
h4 g5 34. hxg5+ fxg5 35. g4 Kg6 36. Rb6+ Kg7 37. Kd2 h5 38. Ra1 h4 39. Re1 h3
40. Re7+ Kf8 41. Ra7 h2 42. Rb8# 1-0

[Event "Lichtenrader Herbst 2019"]
[Site "Berlin"]
[Date "2019.10.15"]
[Round "4.30"]
[White "Jaeschke, Jens-Uwe"]
[Black "Schulz, Stefan"]
[Result "1-0"]
[WhiteElo "2116"]
[BlackElo "1876"]
[PlyCount "49"]
[EventDate "2019.??.??"]

1. e4 c5 2. Nf3 d6 3. c3 Nf6 4. g3 Nc6 5. d3 g6 6. Bg2 Bg7 7. O-O O-O 8. a3 a5
9. a4 Bd7 10. Na3 Qc8 11. Re1 e5 12. Nd2 Bh3 13. Bh1 Ne8 14. Ndc4 Qe6 15. Nb6
Rd8 16. Nd5 Ne7 17. Nc4 Ra8 18. Qb3 Nxd5 19. exd5 Qe7 20. d4 cxd4 21. cxd4 f5
22. dxe5 dxe5 23. Nb6 Rd8 24. d6+ Qf7 25. Bd5 1-0

[Event "Lichtenrader Herbst 2019"]
[Site "Berlin"]
[Date "2019.10.16"]
[Round "5.2"]
[White "Tschernatsch, Johannes"]
[Black "Shishkin, Vadim"]
[Result "0-1"]
[WhiteElo "2132"]
[BlackElo "2457"]
[PlyCount "86"]
[EventDate "2019.??.??"]

1. e4 c5 2. Nf3 Nc6 3. d4 cxd4 4. Nxd4 e6 5. Nc3 d6 6. Be2 Nf6 7. O-O Be7 8.
Be3 O-O 9. f4 e5 10. Nb3 exf4 11. Bxf4 Be6 12. Kh1 d5 13. exd5 Nxd5 14. Nxd5
Qxd5 15. Bf3 Qc4 16. Be2 Qa4 17. Bd3 Bc4 18. Bxc4 Qxc4 19. c3 Rad8 20. Nd2 Qd3
21. Qg4 f5 22. Qh5 g6 23. Qh6 Bf6 24. Nf3 Rfe8 25. Ng5 Qd7 26. Rfe1 Ne5 27.
Bxe5 Rxe5 28. h3 b5 29. Rxe5 Bxe5 30. Nf3 Bf6 31. Qf4 Qd6 32. Qe3 a5 33. Qa7 a4
34. a3 g5 35. Qe3 g4 36. Ne1 Kg7 37. hxg4 fxg4 38. Qe4 h5 39. Nc2 Qd3 40. Qb7+
Rd7 41. Nb4 Qf5 42. Qc6 g3 43. Nc2 Re7 0-1

[Event "Lichtenrader Herbst 2019"]
[Site "Berlin"]
[Date "2019.10.16"]
[Round "5.3"]
[White "Polatel, Ali"]
[Black "nn"]
[Result "0-1"]
[WhiteElo "2235"]
[BlackElo "2124"]
[PlyCount "102"]
[EventDate "2019.??.??"]

1. Nf3 Nf6 2. c4 e6 3. e3 d5 4. d4 c6 5. Bd3 Nbd7 6. O-O dxc4 7. Bxc4 b5 8. Be2
a6 9. b3 Bb7 10. Bb2 Be7 11. Nbd2 c5 12. a4 Qb6 13. dxc5 Bxc5 14. axb5 axb5 15.
Rxa8+ Bxa8 16. Nd4 b4 17. Nc4 Qb8 18. Bf3 O-O 19. Qe2 Nd5 20. Ra1 N7f6 21. Qe1
Rc8 22. Ra5 Qc7 23. Qa1 Bb7 24. Ne2 Qe7 25. Nc1 Nc3 26. Bxb7 Qxb7 27. Nd3 Bf8
28. Ra7 Qb8 29. Nde5 Rd8 30. Nc6 Qxa7 31. Nxa7 Rd1+ 32. Qxd1 Nxd1 33. Bd4 Nc3
34. Kf1 Nfd5 35. f3 Nc7 36. Be5 Na6 37. Nc6 Nb5 38. Ke2 f6 39. Bb2 Nc5 40. N4a5
e5 41. Bc1 Kf7 42. Bd2 Na6 43. Nc4 Ke6 44. N6a5 Be7 45. Kd3 Nc5+ 46. Kc2 Na6
47. Nb2 f5 48. Kd3 Nc5+ 49. Ke2 Nc3+ 50. Bxc3 bxc3 51. Na4 c2 0-1

[Event "Lichtenrader Herbst 2019"]
[Site "Berlin"]
[Date "2019.10.16"]
[Round "5.5"]
[White "Noeldner, Julian"]
[Black "Kovalev, Andrei"]
[Result "0-1"]
[WhiteElo "2051"]
[BlackElo "2511"]
[PlyCount "68"]
[EventDate "2019.??.??"]

1. e4 c5 2. Nf3 d6 3. d4 Nf6 4. Nc3 cxd4 5. Nxd4 Nc6 6. Bg5 a6 7. Bxf6 gxf6 8.
Bc4 e6 9. O-O Rg8 10. Bxe6 fxe6 11. Qh5+ Rg6 12. Nxc6 bxc6 13. f4 Ke7 14. e5
Rh6 15. exf6+ Rxf6 16. Qxh7+ Rf7 17. Qh5 Bg7 18. Ne4 Qh8 19. Qa5 Bd4+ 20. Kh1
Rh7 21. Qg5+ Kd7 22. Qg3 Bb7 23. h3 c5 24. Ng5 Rg8 25. Rf3 Bf6 26. Rd1 Bxf3 27.
Qxf3 Bxg5 28. fxg5 Kc7 29. Qd3 Rd7 30. Qxa6 Qxb2 31. Rd3 Rxg5 32. Qa5+ Qb6 33.
Qa8 Rd8 34. Qa4 Rdg8 0-1

[Event "Lichtenrader Herbst 2019"]
[Site "Berlin"]
[Date "2019.10.16"]
[Round "5.6"]
[White "Jacobi, Robin"]
[Black "Miettinen, Teemu"]
[Result "1-0"]
[WhiteElo "2267"]
[BlackElo "2032"]
[PlyCount "73"]
[EventDate "2019.??.??"]

1. Nf3 Nf6 2. g3 g6 3. b3 Bg7 4. Bb2 O-O 5. Bg2 d6 6. d4 Nbd7 7. O-O c6 8. c4
Re8 9. Nc3 e5 10. e3 Qa5 11. a3 exd4 12. Nxd4 Ne5 13. h3 Qc7 14. Rc1 a6 15. Rc2
c5 16. Nde2 Bf5 17. Rd2 Rad8 18. Nf4 Qb8 19. g4 Be6 20. g5 Nfd7 21. Nxe6 Rxe6
22. Ne4 Bf8 23. Qc2 b5 24. f4 bxc4 25. bxc4 Nc6 26. Qc3 f6 27. Nxf6+ Nxf6 28.
gxf6 Qc8 29. Bd5 Kf7 30. e4 Ke8 31. f7+ Kd7 32. Bxe6+ Kxe6 33. f5+ gxf5 34.
Qf6+ Kd7 35. Qxf5+ Kc7 36. Qxc8+ Rxc8 37. Bc3 1-0

[Event "Lichtenrader Herbst 2019"]
[Site "Berlin"]
[Date "2019.10.16"]
[Round "5.7"]
[White "Roehr, Oliver"]
[Black "Schnabel, Ralf"]
[Result "1/2-1/2"]
[WhiteElo "1987"]
[BlackElo "2235"]
[PlyCount "134"]
[EventDate "2019.??.??"]

1. e4 d5 2. exd5 Qxd5 3. Nc3 Qd6 4. d4 Nf6 5. Bc4 a6 6. Nf3 b5 7. Bb3 e6 8. d5
c5 9. dxc6 Qxd1+ 10. Nxd1 Nxc6 11. Bf4 Na5 12. Ne3 Bb7 13. Rd1 Nxb3 14. axb3
Nd5 15. Nxd5 Bxd5 16. O-O f6 17. Rfe1 Kf7 18. Nd2 Rc8 19. c4 bxc4 20. bxc4 Bxc4
21. Rc1 Bb4 22. Nxc4 Rxc4 23. Rxc4 Bxe1 24. Kf1 Ba5 25. Ra4 Bb6 26. Rxa6 Bd4
27. b4 Rc8 28. b5 Rc2 29. Be3 Bxe3 30. fxe3 Rb2 31. Rb6 h5 32. Rb8 Kg6 33. b6
Kf5 34. b7 e5 35. Rh8 Rxb7 36. Rxh5+ Ke4 37. Rh3 Rb2 38. Rf3 Rb1+ 39. Ke2 Rb2+
40. Kf1 f5 41. Rg3 g5 42. Rxg5 Kxe3 43. g4 f4 44. Rxe5+ Kf3 45. g5 Rxh2 46. Kg1
Rg2+ 47. Kf1 Rg4 48. Re2 Rxg5 49. Rf2+ Ke4 50. Ra2 Rg3 51. Kf2 Rc3 52. Ra4+ Kf5
53. Ra8 Rc2+ 54. Kf3 Rc3+ 55. Kf2 Rc5 56. Rf8+ Ke4 57. Re8+ Re5 58. Rxe5+ Kxe5
59. Kf3 Kf5 60. Kf2 Ke4 61. Ke2 f3+ 62. Kf2 Kf4 63. Kf1 Ke4 64. Kf2 Kf4 65. Kf1
Kg3 66. Kg1 f2+ 67. Kf1 Kf3 1/2-1/2

[Event "Lichtenrader Herbst 2019"]
[Site "Berlin"]
[Date "2019.10.16"]
[Round "5.8"]
[White "Bolk, Matthias"]
[Black "Postler, Reinhard"]
[Result "0-1"]
[WhiteElo "2087"]
[BlackElo "2240"]
[PlyCount "64"]
[EventDate "2019.??.??"]

1. b4 d5 2. Bb2 e6 3. b5 Nf6 4. e3 c5 5. Nf3 Nbd7 6. c4 b6 7. Be2 Bb7 8. O-O
Bd6 9. d4 O-O 10. Nbd2 Qc7 11. h3 Rfe8 12. a4 Rad8 13. a5 e5 14. axb6 axb6 15.
dxe5 Nxe5 16. Nxe5 Bxe5 17. Bxe5 Qxe5 18. Ra7 Qb8 19. Ra2 d4 20. exd4 Rxd4 21.
Bf3 Ne4 22. Bxe4 Bxe4 23. Qa4 Bb7 24. Nb3 Rd3 25. Rd2 Rxd2 26. Nxd2 h6 27. Qb3
Qf4 28. Qd3 Re6 29. Rd1 Rd6 30. Qe2 Kh7 31. Qg4 Qe5 32. Nf1 Rg6 0-1

[Event "Lichtenrader Herbst 2019"]
[Site "Berlin"]
[Date "2019.10.16"]
[Round "5.9"]
[White "Fuchs, Dominik"]
[Black "Budt, Matthias"]
[Result "1-0"]
[WhiteElo "1939"]
[BlackElo "2188"]
[PlyCount "123"]
[EventDate "2019.??.??"]

1. e4 c6 2. d4 d5 3. e5 Bf5 4. Nf3 e6 5. Be2 Nd7 6. O-O Bg6 7. Nbd2 Ne7 8. Nb3
Nf5 9. Bd2 Be7 10. c4 dxc4 11. Na5 Qb8 12. Nxc4 O-O 13. g4 Nh4 14. Nxh4 Bxh4
15. Bb4 Re8 16. Nd6 Be7 17. Nxe8 Bxb4 18. Qb3 a5 19. a3 Be7 20. Nd6 Bxd6 21.
exd6 Be4 22. Bf3 Bxf3 23. Qxf3 Qxd6 24. Qg3 Qd5 25. Rfd1 Nf6 26. Qf4 h6 27. h3
Rd8 28. Qe5 Rd7 29. Qxd5 Rxd5 30. b4 axb4 31. axb4 Rb5 32. Rdb1 Nd5 33. Ra5
Rxb4 34. Rxb4 Nxb4 35. Ra8+ Kh7 36. Ra7 Kg6 37. Rxb7 Nd5 38. Rd7 Kf6 39. Kg2 g5
40. Kf3 Kg6 41. Rd6 Nb4 42. Kg3 Kf6 43. Rd8 Nd3 44. Rc8 Nb4 45. Rc7 Nc2 46. Rd7
Nb4 47. h4 Nd3 48. hxg5+ hxg5 49. Rc7 Nb4 50. Kf3 Nd5 51. Rxc6 Nf4 52. Ke4 Nd5
53. Rc5 Nf4 54. Ra5 Ne2 55. Ra3 Nf4 56. Rf3 Kg6 57. Rxf4 gxf4 58. Kxf4 f6 59.
Ke4 Kg5 60. f3 Kg6 61. f4 Kh6 62. f5 1-0

[Event "Lichtenrader Herbst 2019"]
[Site "Berlin"]
[Date "2019.10.16"]
[Round "5.10"]
[White "Katzir, Moshe"]
[Black "Lopez Gomez, Jose Pablo"]
[Result "1-0"]
[WhiteElo "2125"]
[BlackElo "2064"]
[PlyCount "65"]
[EventDate "2019.??.??"]

1. e4 e6 2. d4 d5 3. Nd2 Nf6 4. e5 Nfd7 5. c3 c5 6. f4 Nc6 7. Ndf3 g6 8. Bd3
Bg7 9. Ne2 b6 10. O-O O-O 11. Be3 a5 12. g4 Ba6 13. Bxa6 Rxa6 14. f5 exf5 15.
gxf5 gxf5 16. Qd3 c4 17. Qxf5 Ne7 18. Qh3 b5 19. Kh1 f5 20. Rg1 Ng6 21. Raf1
Qb6 22. Nf4 Nxf4 23. Bxf4 Kh8 24. e6 Qxe6 25. Ng5 Qg8 26. Rg3 Rg6 27. Rfg1 Rff6
28. Be5 Nxe5 29. dxe5 Rh6 30. exf6 Rxh3 31. fxg7+ Qxg7 32. Rxh3 h6 33. Rxh6+
1-0

[Event "Lichtenrader Herbst 2019"]
[Site "Berlin"]
[Date "2019.10.16"]
[Round "5.11"]
[White "Spors, Carl Philip"]
[Black "Holinka, Henning"]
[Result "0-1"]
[WhiteElo "1971"]
[BlackElo "2101"]
[PlyCount "93"]
[EventDate "2019.??.??"]

1. e4 g6 2. d4 Bg7 3. Nf3 d6 4. Be3 Nd7 5. Qd2 b6 6. Nc3 Bb7 7. O-O-O h6 8. Bc4
e6 9. h3 Ngf6 10. Bd3 d5 11. e5 Ne4 12. Bxe4 dxe4 13. Nh2 f5 14. exf6 Nxf6 15.
Qe2 Qe7 16. Ng4 O-O-O 17. Ne5 Qe8 18. Qb5 g5 19. Rhe1 a6 20. Qc4 b5 21. Qc5 Kb8
22. Qa3 Ka8 23. Qa5 Rc8 24. a4 c6 25. axb5 cxb5 26. d5 Nxd5 27. Nxd5 exd5 28.
Qb6 Kb8 29. Qa7+ Kc7 30. Bb6+ Kd6 31. Qxb7 Qxe5 32. Bd4 Qf4+ 33. Be3 Qe5 34.
Qxa6+ Rc6 35. Qa3+ Ke6 36. Kb1 Ra8 37. Qb3 Rca6 38. c3 b4 39. Bd4 Qf5 40. Re3
Ra1+ 41. Kc2 Rxd1 42. Kxd1 Bxd4 43. cxd4 Qxf2 44. Rxe4+ Kf6 45. Re2 Ra1+ 46.
Kd2 Qxd4+ 47. Kc2 0-1

[Event "Lichtenrader Herbst 2019"]
[Site "Berlin"]
[Date "2019.10.16"]
[Round "5.12"]
[White "Harutyunyan, Axel"]
[Black "Krefenstein, Sergej"]
[Result "0-1"]
[WhiteElo "1909"]
[BlackElo "2139"]
[PlyCount "82"]
[EventDate "2019.??.??"]

1. d4 Nf6 2. c4 e6 3. Nf3 d5 4. g3 Bb4+ 5. Bd2 Be7 6. Bg2 O-O 7. O-O b6 8. Qc2
Bb7 9. Nc3 dxc4 10. e4 Nc6 11. Ne2 b5 12. a4 a6 13. Rfd1 Nb4 14. Bxb4 Bxb4 15.
Ne5 Qe7 16. Nc3 c6 17. Rac1 Rfd8 18. Qe2 Nd7 19. Ng4 Nb6 20. Ra1 Bxc3 21. bxc3
Nxa4 22. Rxa4 bxa4 23. Ra1 c5 24. Qxc4 cxd4 25. cxd4 a3 26. Ne3 Rac8 27. Qa4
Qd7 28. Qxa3 Qxd4 29. Rd1 Qxd1+ 30. Nxd1 Rxd1+ 31. Bf1 Rcc1 32. Qb4 Rxf1+ 33.
Kg2 Rb1 34. Qa4 h6 35. f3 Kh7 36. h4 Rg1+ 37. Kh3 h5 38. Qd7 Rb2 39. g4 hxg4+
40. fxg4 Bxe4 41. Qxf7 Rb3+ 0-1

[Event "Lichtenrader Herbst 2019"]
[Site "Berlin"]
[Date "2019.10.16"]
[Round "5.13"]
[White "Wierzbicki, Jirawat"]
[Black "Guenther, Thomas"]
[Result "1-0"]
[WhiteElo "2114"]
[BlackElo "1966"]
[PlyCount "87"]
[EventDate "2019.??.??"]

1. e4 c5 2. c3 e6 3. d4 cxd4 4. cxd4 d5 5. e5 Nc6 6. Nf3 Nge7 7. Bd3 Nf5 8.
Bxf5 exf5 9. O-O Be7 10. Nc3 Be6 11. Ne2 g5 12. Qd3 g4 13. Ne1 Qd7 14. Bd2
O-O-O 15. a3 Kb8 16. b4 Bf8 17. b5 Ne7 18. a4 Ng6 19. Nc2 Rc8 20. Rfc1 Be7 21.
Nb4 f4 22. a5 Rc4 23. Rxc4 dxc4 24. Qe4 Bf5 25. Qd5 Bxb4 26. Qxd7 Bxd7 27. Bxb4
Bxb5 28. Nc3 Bd7 29. Bd6+ Kc8 30. d5 Bf5 31. Ra4 Bd3 32. Nb5 b6 33. axb6 a6 34.
Rxa6 Kb7 35. Ra2 Kxb6 36. Rb2 Ka5 37. e6 fxe6 38. dxe6 Rc8 39. e7 Nxe7 40. Bxe7
c3 41. Nxc3 Re8 42. Nd5 Rc8 43. Bb4+ Ka6 44. Bd2 1-0

[Event "Lichtenrader Herbst 2019"]
[Site "Berlin"]
[Date "2019.10.16"]
[Round "5.14"]
[White "Federau, Juergen"]
[Black "Matthes, Aaron"]
[Result "0-1"]
[WhiteElo "2083"]
[BlackElo "1995"]
[PlyCount "162"]
[EventDate "2019.??.??"]

1. d4 Nf6 2. c4 e6 3. Nc3 Bb4 4. e3 O-O 5. Bd3 c5 6. Nf3 d5 7. O-O dxc4 8. Bxc4
cxd4 9. exd4 b6 10. Bg5 Bb7 11. Rc1 h6 12. Bh4 Nc6 13. Bd3 Be7 14. Bb1 Rc8 15.
Re1 Nh5 16. Qd3 g6 17. Bxe7 Nxe7 18. Rcd1 Nf5 19. Ne2 Nh4 20. Nxh4 Qxh4 21. f3
Rfd8 22. Qe3 Nf6 23. Nc3 Nd5 24. Nxd5 Bxd5 25. Rd2 Rc7 26. Red1 Rdc8 27. Qf2
Qf4 28. Qe2 Rc1 29. Qd3 Kg7 30. Qe2 Kh7 31. Qe1 R1c7 32. Qe5 Qh4 33. Qe1 Qe7
34. Qe3 Rc1 35. Qe1 Rxd1 36. Rxd1 Qc7 37. Qd2 Qc4 38. Kf2 Qa4 39. b3 Qc6 40.
Qd3 Qc7 41. h3 Qe7 42. Qd2 Kg7 43. Kg1 Qh4 44. Qe3 Kh7 45. Qd2 Rd8 46. Qe3 Rd7
47. Rc1 Bb7 48. Be4 Qd8 49. Bxb7 Rxb7 50. a4 Rd7 51. Rc4 Rd5 52. Qc3 a6 53. Rc7
Qf6 54. Rc6 Rxd4 55. Qc2 Qd8 56. Qe2 Rd1+ 57. Kh2 Qb8+ 58. g3 Qd8 59. Rc2 Qd4
60. Qf2 Qxf2+ 61. Rxf2 Rb1 62. Rd2 Rxb3 63. Rd6 Rb2+ 64. Kg1 Kg7 65. Rc6 a5 66.
h4 Kf6 67. g4 h5 68. g5+ Kg7 69. Rd6 Rb4 70. Kf2 Rxh4 71. Rxb6 Rxa4 72. Ra6
Ra2+ 73. Kg3 Rd2 74. f4 Rd3+ 75. Kf2 Ra3 76. Kg2 h4 77. Ra8 Ra4 78. Kf3 h3 79.
Kg3 h2 80. Kxh2 Rxf4 81. Rxa5 Rf5 0-1

[Event "Lichtenrader Herbst 2019"]
[Site "Berlin"]
[Date "2019.10.16"]
[Round "5.15"]
[White "Hommel, Niclas"]
[Black "Rosmait, Emily"]
[Result "0-1"]
[WhiteElo "2065"]
[BlackElo "1908"]
[PlyCount "78"]
[EventDate "2019.??.??"]

1. e4 e6 2. d4 d5 3. Nd2 dxe4 4. Nxe4 Bd7 5. Nf3 Bc6 6. Bd3 Nd7 7. O-O Ngf6 8.
Qe2 Be7 9. Bf4 O-O 10. Nxf6+ Bxf6 11. Rad1 Bd5 12. c4 Bxf3 13. Qxf3 c6 14. Rfe1
Qa5 15. d5 cxd5 16. cxd5 Nc5 17. Bb1 exd5 18. Qxd5 Rfe8 19. Be3 Re5 20. Qc4
Rae8 21. b4 Qa6 22. Qc2 Ne4 23. Bf4 R5e6 24. f3 Ng5 25. Rxe6 Qxe6 26. Bxg5 Bxg5
27. Qxh7+ Kf8 28. Qh8+ Ke7 29. Qxg7 Qe3+ 30. Kh1 Bf6 31. Qg3 Kf8 32. Be4 Bc3
33. Qd6+ Kg7 34. Qd7 Qe2 35. Rc1 Be1 36. Qd4+ Kg8 37. Qc4 Qf2 38. Rc2 Bd2 39.
g3 Rxe4 0-1

[Event "Lichtenrader Herbst 2019"]
[Site "Berlin"]
[Date "2019.10.16"]
[Round "5.16"]
[White "Daverkausen, Bernd"]
[Black "Bandow, Alexander"]
[Result "1-0"]
[WhiteElo "2122"]
[BlackElo "2067"]
[PlyCount "89"]
[EventDate "2019.??.??"]

1. Nf3 Nf6 2. c4 g6 3. Nc3 Bg7 4. e4 d6 5. d4 O-O 6. Be2 e5 7. Be3 Nc6 8. d5
Ne7 9. Nd2 Nd7 10. b4 f5 11. f3 a5 12. a3 fxe4 13. Ndxe4 Nf5 14. Bf2 Nd4 15.
O-O b6 16. Bd3 Qe7 17. Ne2 Kh8 18. Be3 h6 19. Rc1 axb4 20. axb4 Bb7 21. N4c3
Qf7 22. Be4 Nxe2+ 23. Qxe2 Nf6 24. Ra1 Nh5 25. Rxa8 Rxa8 26. Qc2 Kh7 27. Nb5
Ra6 28. Nxc7 Qxc7 29. Bxg6+ Kg8 30. Bxh5 Bxd5 31. Qg6 Bxc4 32. Qe8+ Bf8 33. Rc1
b5 34. Bxh6 Qe7 35. Qc8 Ra7 36. Bg4 Qf6 37. Bxf8 Qxf8 38. Be6+ Bxe6 39. Qxe6+
Kh7 40. Rc8 Qe7 41. Qg8+ Kh6 42. Qh8+ Kg6 43. Rg8+ Kf5 44. Rf8+ Kg6 45. g4 1-0

[Event "Lichtenrader Herbst 2019"]
[Site "Berlin"]
[Date "2019.10.16"]
[Round "5.17"]
[White "Gebigke, Martin"]
[Black "Hofmeister, Frank"]
[Result "1-0"]
[WhiteElo "2068"]
[BlackElo "1827"]
[PlyCount "79"]
[EventDate "2019.??.??"]

1. d4 d5 2. c4 c6 3. Nf3 Nf6 4. Nc3 a6 5. e3 Bg4 6. Be2 e6 7. c5 b6 8. cxb6
Qxb6 9. O-O Bd6 10. b3 O-O 11. Bb2 Nbd7 12. Ne5 Bxe2 13. Nxe2 Bxe5 14. dxe5 Ng4
15. Qd4 Qxd4 16. exd4 f6 17. h3 Nh6 18. Rac1 Rac8 19. Ba3 Rfe8 20. exf6 gxf6
21. Rc3 Nf7 22. Rfc1 Nb8 23. Rg3+ Kh8 24. Nf4 e5 25. Nh5 exd4 26. Nxf6 Re6 27.
Nxd5 Rce8 28. Nf4 Re1+ 29. Rxe1 Rxe1+ 30. Kh2 Ra1 31. Be7 Nd7 32. Nh5 Nh6 33.
Nf6 Re1 34. Bb4 Nxf6 35. Bxe1 Ne4 36. Rf3 c5 37. Rf4 Ng5 38. Rf6 Kg7 39. Rxa6
Nhf7 40. Rc6 1-0

[Event "Lichtenrader Herbst 2019"]
[Site "Berlin"]
[Date "2019.10.16"]
[Round "5.18"]
[White "Bornschein, Burkhard"]
[Black "Jaeschke, Jens-Uwe"]
[Result "0-1"]
[WhiteElo "1989"]
[BlackElo "2116"]
[PlyCount "80"]
[EventDate "2019.??.??"]

1. d4 d5 2. Nf3 Nf6 3. c4 c6 4. Nc3 dxc4 5. a4 Bf5 6. e3 e6 7. Bxc4 Bb4 8. O-O
O-O 9. Ne5 Nbd7 10. Qb3 a5 11. Rd1 Qe7 12. Nxd7 Qxd7 13. f3 h6 14. e4 Bh7 15.
Be3 Rac8 16. Bf1 Rfd8 17. Rac1 Bf8 18. Bc4 Qe7 19. Qc2 Nd5 20. Bf2 g5 21. Qb3
Nb4 22. Bf1 Bg7 23. g3 Bg6 24. Nb1 Kh7 25. Na3 g4 26. Bg2 gxf3 27. Bxf3 e5 28.
dxe5 Bxe5 29. Nc4 Bc7 30. Rxd8 Rxd8 31. Rc3 b5 32. axb5 cxb5 33. Nxa5 Bxa5 34.
Bc5 Qd7 35. Qa3 Nc6 36. Rc1 Qd3 37. Qxd3 Rxd3 38. Kf2 Rd2+ 39. Ke3 Rxb2 40. h4
Bd2+ 0-1

[Event "Lichtenrader Herbst 2019"]
[Site "Berlin"]
[Date "2019.10.16"]
[Round "5.19"]
[White "Verbitsky, Jaroslaw"]
[Black "Rettore, Ludwig"]
[Result "0-1"]
[WhiteElo "1853"]
[BlackElo "2068"]
[PlyCount "86"]
[EventDate "2019.??.??"]

1. e4 e5 2. Nf3 Nc6 3. d4 Nf6 4. d5 Nb8 5. Bd3 d6 6. h3 g6 7. O-O Bg7 8. Be3
O-O 9. Qd2 Nh5 10. Bh6 Nf4 11. Bxg7 Kxg7 12. Nc3 Qf6 13. Qe3 g5 14. Ne2 Kh8 15.
Nh2 Rg8 16. Qf3 Nd7 17. g4 Nf8 18. Nxf4 gxf4 19. Kh1 Ng6 20. Rg1 Bd7 21. g5 Qe7
22. Qh5 f3 23. Qxf3 Nf4 24. h4 f6 25. Rg3 fxg5 26. hxg5 Rxg5 27. Rxg5 Qxg5 28.
Rg1 Qh6 29. Qg3 Nh3 30. Rg2 Rf8 31. f3 Nf4 32. Qg5 Qxg5 33. Rxg5 Rg8 34. Rxg8+
Kxg8 35. Bf1 Kg7 36. Kg1 Kf6 37. Kf2 Kg5 38. Bg2 Kh4 39. Nf1 Nxg2 40. Kxg2 Bh3+
41. Kf2 Bxf1 42. Kxf1 Kg3 43. Ke2 h5 0-1

[Event "Lichtenrader Herbst 2019"]
[Site "Berlin"]
[Date "2019.10.16"]
[Round "5.20"]
[White "Grillich, Alexander"]
[Black "Heuer, Thomas"]
[Result "1-0"]
[WhiteElo "1924"]
[BlackElo "2068"]
[PlyCount "69"]
[EventDate "2019.??.??"]

1. e4 c6 2. d4 d5 3. Nc3 dxe4 4. Nxe4 Bf5 5. Ng3 Bg6 6. h4 h6 7. Nf3 Nd7 8. h5
Bh7 9. Bd3 Bxd3 10. Qxd3 e6 11. Be3 Qa5+ 12. Bd2 Qc7 13. O-O-O O-O-O 14. Qb3
Ngf6 15. Kb1 Bd6 16. Ne2 Ne4 17. Be3 Rhe8 18. c4 c5 19. d5 exd5 20. Rxd5 Nb6
21. Rd3 Nxf2 22. Bxf2 Rxe2 23. Bh4 Be7 24. Rhd1 Bxh4 25. Nxh4 Rde8 26. Nf5 Kb8
27. Nd6 Rd8 28. Nxf7 Rd4 29. Rxd4 cxd4 30. Qf3 Qxc4 31. Rc1 Qb5 32. b3 a5 33.
Nd6 Qa6 34. a4 Re6 35. Qf8+ 1-0